000 00812nam a22002057a 4500
999 _c167614
_d167614
005 20190917153649.0
010 _aB-730008-047
020 _a9788192773940
_c600.00
035 _aB-730008-047
037 _bIndex Inernational
_adpl
082 _a025.042
100 _aChauhan, J.K.S.
245 _aLibraries and technologies:
_bthe future of electronic resources /
_cby J.K.S.Chauhan
260 _aDelhi
_bIndex International
_c2015
270 _aA8-002, Olive County, Sector-5, Vasundhara
_bGhaziabad
_e201012
300 _axiii,145p.
_c22cm(pbk)
500 _aIncludes bibliographical references
942 _2ddc
_cEN
_h025.042
_mCHA